000
00341 a2200157 4500
001
68835
020
_a
8508041942
040
_c
Anchieta - Itaigara
240
1
0
_a
Rapunzel; Os sete corvos
_l
por
245
1
0
_a
Rapunzel; Os sete corvos
300
_a
16
362
0
_a
1995
440
1
_a
Ática
650
4
_a
Literatura infantil
942
_c
BK
999
_c
68835
_d
68835